[Event "GAMMA Reykjavik Open 2018"]
[Site "Reykjavik"]
[Date "2018.03.15"]
[Round "8"]
[White "Povah, Nigel E"]
[Black "Moradiabadi, Elshan"]
[Result "0-1"]
[WhiteElo "2284"]
[BlackElo "2535"]
[Annotator "TA"]
[PlyCount "92"]
[EventType "swiss"]
[EventCountry "ISL"]
[SourceTitle "playchess.com"]
[Source "ChessBase"]
[SourceQuality "1"]

{[%evp 9,92,13,15,-1,4,6,16,11,11,-12,-18,-6,0,-10,-7,-16,-2,-6,0,-29,-4,-13,-12,-40,-33,-45,-37,-79,-57,-45,-47,-47,0,-11,-17,1,28,-91,-100,-120,-56,-89,0,-22,-2,0,3,-68,-46,-69,-25,-36,-20,-33,10,-37,-43,-85,-88,-101,-71,-108,-114,-119,-116,-156,-139,-192,-181,-499,-497,-347,-142,-471,-285,-427,-448,-652,-637,-1427,-1005,-29984,-658,-655,-654]} 1. d4 e6 2. Nf3 d5 3. e3 g6 (3... Nf6 4. Bd3 c5 5. b3 Nc6 6. Bb2 Bd6 7. a3 O-O 8. O-O b6 9. Ne5 Bb7 10. f4 Ne4 11. Nd2 Ne7 12. Bxe4 dxe4 13. Ndc4 Bc7 14. dxc5 b5 15. Nd6 Bxd6 16. cxd6 {1-0 (46) Bosiocic,M (2624)-Ragger,M (2657) Katowice 2017}) 4. Bd3 Bg7 5. b3 c5 6. c3 $146 {D02: 1 d4 d5 2 Nf3 sidelines, including 2...Nf6 3 g3 and 2...Nf6 3 Bf4} ({Find the theoretical novelty and annotate with similar games:} 6. O-O Nc6 7. Bb2 Nge7 8. Nbd2 O-O 9. Ne5 Qa5 10. Ndf3 Nb4 11. Be2 f6 12. Nd3 Nxd3 13. Bxd3 {½-½ (49) Ivanova Skripova,T (2095)-Roschina,T (2315) St Petersburg 1996}) 6... Nd7 7. O-O Ne7 8. Ba3 {The position is equal.} b6 9. e4 dxe4 10. Bxe4 Rb8 11. Nbd2 O-O 12. Rc1 Ba6 13. Re1 $1 Qc7 14. Qc2 Rbc8 15. c4 Rfe8 16. Bb2 cxd4 $1 17. Bxd4 e5 $1 {[%cal Re5d4]} 18. Bb2 f5 19. Bd3 Nc6 {White must now prevent ...Nb4.} 20. Bf1 Nc5 21. a3 Ne6 {Black wants to play ...e4.} 22. b4 $1 Bb7 23. Nb3 (23. c5 $11 {remains equal.}) 23... e4 $17 24. Nfd2 Ncd4 (24... Ne5 $17 {Threatens to win with ...Nd3!} 25. c5 Nd3 $1 {[%mdl 512]} 26. Bxg7 Nxe1 27. Rxe1 Qxg7) 25. Qb1 Be5 (25... Qf4 $17 26. c5 Bd5 27. Bxd4 Bxd4 28. Nxd4 Nxd4) 26. h3 Qg7 27. Nxd4 Nxd4 28. Ba1 (28. c5 $11) 28... Qh6 $36 {[%mdl 2048] Black fights for an advantage.} 29. Rcd1 $1 {With the idea c5!} Qf4 {[%csl Ge5][%cal Rf4h2]} 30. g3 Qg5 31. Bg2 $1 Red8 {[#]} 32. c5 $1 {[%mdl 512] Hoping for Nc4.} Bd5 {[%cal Bb7d5,Bd5f7,Bf7c4,Bc4d3][%mdl 32]} (32... bxc5 33. Nb3) 33. cxb6 axb6 34. Nf1 Bf7 35. h4 Qf6 36. Ne3 h5 37. Nf1 Kh7 38. a4 (38. Ne3 $17) 38... Bc4 {aiming for ...Bd3.} 39. Ne3 $2 (39. Rd2) 39... Bd3 $1 $19 {[%cal Rd3b1]} 40. Qa2 Rd7 (40... f4 $19 {has better winning chances.} 41. Nd5 Qf8 42. Rxe4 (42. gxf4 $2 Rc2 $19) 42... Rc2 43. Rxe5 Rxa2 44. Bxd4 Bc4) 41. Nd5 $2 {[%mdl 8192]} (41. f4 $17 {is more resistant.} Ne2+ 42. Kh2 Bxa1 43. Rxa1) 41... Qd6 42. Bxd4 (42. Ne3 $142) 42... Bxd4 43. Nf4 (43. Ne3 $142 Rcc7 44. Bh3) 43... Rc2 44. Qb3 Bxf2+ 45. Kh2 {[#]} Bxe1 (45... Bxg3+ $142 $1 {[%mdl 512]} 46. Kxg3 g5 47. hxg5 {[#]} h4+ $1 {[%mdl 512]} 48. Kh2 Qxf4+ 49. Kh1 Rxg2 $1 {[%mdl 512]} 50. Kxg2 Qg3+ 51. Kh1 Qh3+ 52. Kg1 Rg7 53. Qf7 Rxf7 54. Rd2 Qg3+ 55. Rg2 Qxe1+ 56. Kh2 Kg6 57. a5 Bf1 58. Ra2 Rd7 59. Kh1 Bc4+ 60. Kh2 Qg3+ 61. Kh1 Rd1#) 46. Rxe1 Rc4 {Precision: White = 34%, Black = 36%.} 0-1

[Event "GAMMA Reykjavik Open 2018"]
[Site "Reykjavik"]
[Date "2018.03.16"]
[Round "9"]
[White "Rapport, Richard"]
[Black "Stefansson, Hannes"]
[Result "1/2-1/2"]
[WhiteElo "2715"]
[BlackElo "2533"]
[Annotator "TA"]
[PlyCount "216"]
[EventType "swiss"]
[EventCountry "ISL"]
[SourceTitle "playchess.com"]
[Source "ChessBase"]
[SourceQuality "1"]

{[%evp 15,216,13,11,8,6,0,10,3,3,-5,9,6,30,22,51,20,67,37,61,54,57,57,59,36,39,39,47,0,14,13,20,0,0,-5,0,-74,-72,-73,-69,-70,-57,-68,-62,-123,-73,-154,-161,-188,-174,-181,-165,-195,0,0,0,0,0,0,0,0,1,12,4,5,72,72,72,72,72,8,8,8,8,8,8,8,20,25,28,21,20,21,64,64,90,90,90,4,30,20,68,20,20,20,20,20,20,20,20,20,20,20,20,20,20,20,20,20,20,20,20,20,20,20,20,20,20,20,20,20,20,20,8,8,20,20,20,20,20,0,20,0,20,20,20,20,20,20,20,20,20,8,8,0,20,20,20,20,20,20,8,0,20,16,16,16,16,16,16,16,20,20,20,16,20,16,20,0,20,0,20,20,20,20,20,20,20,0,13,0,14,14,20,8,20,20,20,8,8,8,8,0,16,14,14,0,0,0,8,0,0,0,0]} 1. d4 d5 2. c4 e6 3. Nc3 Bb4 4. e3 Nf6 5. a3 Bxc3+ 6. bxc3 c6 {E40: Nimzo-Indian: Rubinstein (4 e3): Unusual Black 4th moves} 7. a4 O-O 8. Nf3 b6 {LiveBook: 7 Games} 9. a5 $146 ({Find the theoretical novelty and annotate with similar games:} 9. cxd5 exd5 10. Bd3 Ba6 11. O-O c5 12. Ne5 Re8 13. a5 Bxd3 14. Nxd3 {1-0 (39) Caruana,F (2805)-Hou,Y (2676) Dortmund 2015}) 9... Ba6 10. axb6 axb6 11. Bd3 Qc8 12. O-O Nbd7 13. Nd2 e5 14. Bb2 c5 15. Re1 Re8 16. Bf1 Qb7 17. Qb3 Ne4 18. Nxe4 dxe4 19. Qc2 f5 20. Ra3 Qc7 21. d5 Nf6 22. Rea1 Bb7 23. f3 (23. Bc1 {NOTEXT} Rxa3 24. Rxa3 Rb8 25. Bd2 g6 26. Be1) 23... Rxa3 24. Rxa3 exf3 25. Qxf5 (25. gxf3 $11 e4 26. f4) 25... fxg2 $17 26. Bxg2 Bc8 {[%cal Bb7c8,Bc8g4,Bg4e2,Be2c4][%mdl 32]} 27. Qg5 Bg4 28. Ra1 Be2 29. Bh3 (29. e4 $15) 29... Kh8 30. Be6 ({White should try} 30. Re1 Bxc4 31. e4) 30... e4 31. Bc1 Qb7 32. Ra2 Bxc4 33. Rf2 b5 $2 (33... Bxd5 34. Rxf6 Qe7 35. Bxd5 $11) (33... Nxd5 $2 34. Rf7 $18) (33... Rd8 $19 {[%cal Rc4d5]} 34. Bb2 h6) 34. Ba3 $1 $11 {[%cal Ra3c5]} Qe7 {[#]} (34... Bxd5 $6 35. Rxf6 Qe7 36. Bxd5 $14 (36. Bxc5 $2 Qxf6 37. Qxf6 gxf6 $19)) 35. Bxc5 $1 {[%mdl 512]} Qxc5 36. Rxf6 $1 Qe7 $1 37. Rf5 {White wants to mate with Qxe7.} Qxg5+ $1 38. Rxg5 {[%mdl 4096] Endgame KRB-KRB} g6 39. Rg4 Bd3 (39... Kg7 $11) 40. Rf4 Rd8 41. h4 Kg7 {[#]} 42. Kh2 (42. Rf7+ $1 $16 Kh6 43. Rd7 Rxd7 44. Bxd7) 42... Bc4 43. Rxe4 Kf6 $1 44. Rd4 Ke5 {[%cal Rc4d5]} 45. e4 Ra8 46. Bh3 Ra2+ 47. Bg2 h6 (47... Bf1 $6 48. d6 $16) 48. Kg3 Ra6 49. Bf3 g5 50. hxg5 hxg5 51. Kg4 (51. Rd2 $16) 51... Ra1 52. Rd2 Rg1+ 53. Bg2 {Strongly threatening d6.} Bf1 {The position is equal.} 54. d6 Bxg2 {KRB-KR} 55. d7 Bxe4+ 56. Kh5 Rh1+ $1 57. Kxg5 Rg1+ 58. Kh6 Rg6+ 59. Kh5 Rg8 60. d8=Q Rxd8 61. Rxd8 {Threatens to win with Kg4. KR-KB} Kf4 62. Rb8 Bd3 63. Re8 Be4 64. Re7 Bd3 65. Kh6 Be4 66. Kg7 {Black must now prevent Rd7.} Ke3 $1 67. Kf6 Kd3 68. Ke5 {Hoping for Rd7+.} Bg2 69. Rg7 ({Resist} 69. Rc7 $6 Bh1 $16) 69... Bf1 70. Rc7 Bg2 71. Kd6 Kc2 72. Ke5 {And now Kd4 would win.} Kd3 73. Rc8 Bf1 74. Kd6 Bg2 75. Rc5 Kc2 76. Ke5 {Kd4 is the strong threat.} Kd3 77. Kf4 Bf1 78. Kf3 Be2+ 79. Kf4 Bf1 80. Rc7 Bg2 81. Rg7 Bh1 82. Rh7 Bg2 83. Rg7 ({Don't play} 83. Rc7 $6 Bf1 $16) 83... Bh1 84. Rg1 Bb7 85. Rg3+ Kc4 86. Rg7 Bh1 87. Rc7+ Kd3 88. Rc5 Bg2 89. Rg5 Bh1 90. Rh5 Bg2 91. Rg5 ({Don't do} 91. Rc5 $6 Bh3 $16) 91... Bh1 92. Rc5 Bg2 93. Kg3 Be4 94. Kg4 Bg2 95. Kf5 Bf3 96. Rc8 Bg2 {( -> ...Bh3+)} 97. Ke5 (97. Kf4 {NOTEXT} Bf1 98. Ke5 Bh3 99. Rb8 Kc4 100. Ke4) 97... Bf1 98. Rc6 Bg2 99. Rg6 Bh1 100. Rg1 Bb7 101. Rg3+ Kc4 102. Rg7 Bf3 103. Kf4 Bh1 104. Rh7 Bg2 105. Kg3 Bd5 106. Rd7 Bg8 107. Rd8 Bf7 108. Rf8 Be6 {Precision: White = 63%, Black = 62%.} 1/2-1/2

[Event "GAMMA Reykjavik Open 2018"]
[Site "Reykjavik"]
[Date "2018.03.16"]
[Round "9"]
[White "Kamsky, Gata"]
[Black "Bick, Gabriel"]
[Result "1-0"]
[WhiteElo "2677"]
[BlackElo "2416"]
[Annotator "TA"]
[PlyCount "125"]
[EventType "swiss"]
[EventCountry "ISL"]
[SourceTitle "playchess.com"]
[Source "ChessBase"]
[SourceQuality "1"]

{[%evp 10,125,5,5,15,1,0,2,23,4,56,47,50,37,41,39,60,48,52,54,40,49,48,38,48,39,94,91,91,91,91,91,95,91,95,94,95,95,104,77,95,62,62,64,90,79,76,76,118,118,118,118,118,82,118,118,105,73,118,105,120,118,120,0,99,87,129,81,83,0,103,53,53,55,259,216,366,352,360,370,357,327,419,391,435,436,484,464,569,524,818,771,789,750,708,695,879,929,895,865,841,845,761,706,601,436,1895,1026,29997,12842,29994,2316,12841,12841,29985,29986,29986,12846]} 1. d4 Nf6 2. Bg5 c5 3. d5 Ne4 4. h4 g6 5. Nd2 Nxg5 6. hxg5 {LiveBook: 13 Games. A45: Trompowsky Attack} d6 7. e3 Bg7 8. c3 {The position is equal.} Nd7 9. Ngf3 Ne5 ({Better is} 9... Kf8 $11) (9... a6 10. a4 b6 11. Bc4 Bb7 12. e4 O-O {1-0 (46) Rapport,R (2716)-Boruchovsky,A (2517) Caleta 2015}) 10. Nxe5 $14 Bxe5 11. a4 $146 ({Predecessor:} 11. Bb5+ Bd7 12. Qa4 {1-0 (46) Feldbacher,H (1970)-Uhlmann,H (2028) Bayern 2012}) 11... Bd7 12. Bb5 Bg7 13. Nc4 h6 14. gxh6 Rxh6 15. Rxh6 Bxh6 16. Qg4 Rb8 17. Ke2 a6 (17... Bg7 $14) 18. Bxd7+ $16 Qxd7 19. Qh4 Bg7 20. Nb6 Qf5 {And now ...Qc2+ would win.} 21. e4 Qe5 22. Qg4 Rd8 23. Rh1 {[%cal Ba1h1,Bh1h3,Bh3e3][%mdl 32]} e6 24. Kf1 Kf8 25. Rh3 {Nc4 is the strong threat.} Kg8 26. a5 exd5 27. exd5 Bf6 28. Re3 $36 {[%mdl 2048] Black is under strong pressure.} Qg5 {[#]} 29. Qxg5 $1 Bxg5 {[%mdl 4096] Endgame KRB-KRN} 30. Re4 Bf6 31. Nc4 Kg7 32. g3 Kf8 33. Ke2 Kg7 34. f4 Kf8 35. Kf3 Kg7 36. Ke2 Kf8 $1 37. Kd3 Kg7 38. Re1 Kf8 39. Re4 Kg7 40. b4 cxb4 41. cxb4 Kf8 $2 {[#]} (41... g5 $14) 42. Nb6 $1 $18 Be7 (42... g5 {was necessary.} 43. Rc4 Kg7) 43. Rc4 Ke8 44. Rc7 Rb8 45. Rc1 Bf6 46. Rc2 Be7 47. g4 {[%cal Bg3g4,Bg4g5][%mdl 32]} Kd8 48. g5 Bf8 49. Ke4 Bg7 50. f5 gxf5+ 51. Kxf5 Be5 52. Rc4 Ba1 53. g6 fxg6+ 54. Kxg6 Ke7 55. Rc7+ Kd8 56. Rd7+ Ke8 57. Rh7 Kd8 (57... Bd4 $142 58. Nd7 Rc8 59. Nf6+ Bxf6) 58. Kf7 {White threatens Kf8 and mate.} Bc3 59. Rh4 (59. Kf8 $142 Bg7+ 60. Rxg7 Rc8 61. Rd7#) 59... Be1 60. Rc4 (60. Re4 $142 Bh4 61. Rxh4 Kc7 62. Rc4+ Kd8 63. Re4 Ra8 64. Re7 Rb8 65. Rd7#) 60... Bg3 61. Ke6 Bh2 62. Rg4 Be5 63. Nd7 {Precision: White = 66%, Black = 37%.} 1-0

[Event "GAMMA Reykjavik Open 2018"]
[Site "Reykjavik"]
[Date "2018.03.16"]
[Round "9"]
[White "L'Ami, Erwin"]
[Black "Loiseau, Quentin"]
[Result "1-0"]
[WhiteElo "2634"]
[BlackElo "2427"]
[Annotator "TA"]
[PlyCount "53"]
[EventType "swiss"]
[EventCountry "ISL"]
[SourceTitle "playchess.com"]
[Source "ChessBase"]
[SourceQuality "1"]

{[%evp 30,53,40,36,55,-7,51,60,49,47,70,57,133,0,25,0,908,935,905,902,966,965,29991,29992,29992,29990]} 1. d4 d5 2. c4 c6 3. Nc3 Nf6 4. Nf3 e6 5. Bg5 dxc4 6. e4 {[%cal Be2e4,Be4e5][%mdl 32]} b5 7. e5 h6 8. Bh4 g5 9. Nxg5 hxg5 10. Bxg5 Nbd7 11. g3 Bb7 12. Bg2 Qb6 13. exf6 O-O-O 14. O-O c5 15. d5 b4 16. Na4 Qa6 {D44: Semi-Slav: Botvinnik System} 17. b3 ({White should try} 17. a3 $14 Bxd5 18. Bxd5) (17. dxe6 Bxg2 18. Kxg2 Qc6+ 19. Qf3 Rxh2+ 20. Kxh2 Qxf3 21. e7 Bxe7 22. fxe7 Rh8+ 23. Bh4 Rxh4+ 24. gxh4 Qf4+ 25. Kh3 Qf3+ 26. Kh2 Qf4+ 27. Kh3 Qf3+ 28. Kh2 Qf4+ 29. Kh3 Qf3+ 30. Kh2 Qf4+ {½-½ (30) Jobava,B (2690)-Miroshnichenko,E (2606) chess.com INT 2018}) 17... exd5 $146 (17... c3 $11) ({Predecessor:} 17... c3 18. a3 Bxd5 19. Bxd5 Ne5 20. Nxc5 Bxc5 21. axb4 Qb5 22. Qc2 Rxd5 23. Qxc3 Rd3 24. Qxc5+ Qxc5 {0-1 (34) Gromovs,S (2365)-Bentivegna,F (2340) Amantea 2010}) 18. a3 $14 {[%cal Ba2a3,Ba3b4,Bb4c5][%mdl 32] axb4 is the strong threat.} (18. Bxd5 Ne5 $17) 18... d4 $1 {White is slightly better.} 19. Bxb7+ Qxb7 20. axb4 {Strongly threatening Qg4.} c3 {[#]} (20... Ne5 $14 21. f4 Nc6) 21. Bf4 (21. Qg4 $1 $16) 21... Bh6 $1 $11 {[%cal Rh6f4]} ({But not} 21... Qxb4 $6 {[#]} 22. Nxc3 $1 {[%mdl 512]} Qb7 23. Na4 $16) ({Much worse is} 21... Nxf6 $6 22. Bg5 $14) 22. Bd6 $36 {[%mdl 2048] White is pushing.} Be3 $2 {[%mdl 8192]} (22... Qc6 $11 23. bxc5 Bg5) 23. Nxc5 $18 Nxc5 24. bxc5 (24. Bxc5 Rxh2 25. Qg4+ Kb8 $15) 24... Qe4 25. Rxa7 Rdg8 26. Qa1 Qc6 27. Rc7+ {Precision: White = 44%, Black = 19%.} 1-0

[Event "GAMMA Reykjavik Open 2018"]
[Site "Reykjavik"]
[Date "2018.03.16"]
[Round "9"]
[White "Gledura, Benjamin"]
[Black "Thorgeirsson, Jon Kristinn"]
[Result "1-0"]
[WhiteElo "2632"]
[BlackElo "2298"]
[Annotator "TA"]
[PlyCount "53"]
[EventType "swiss"]
[EventCountry "ISL"]
[SourceTitle "playchess.com"]
[Source "ChessBase"]
[SourceQuality "1"]

{[%evp 16,53,18,-15,33,21,61,60,55,50,55,48,64,66,122,122,129,135,156,141,160,123,129,122,200,163,206,196,192,182,245,242,225,223,270,234,382,355,752,739]} 1. b3 d5 2. Bb2 Nf6 3. Nf3 Bf5 4. g3 e6 5. Bg2 Be7 6. c4 c6 7. O-O O-O 8. d3 Nbd7 9. Nbd2 {LiveBook: 72 Games} Qa5 {A12: English Opening: 1...c6 with b3 by White} (9... Qb6 10. Nh4 Bg4 11. h3 Bh5 12. g4 Ne8 13. gxh5 Bxh4 14. h6 g6 15. Nf3 Bf6 16. Qd2 Qd8 17. Bxf6 Nexf6 {0-1 (43) Neiksans,A (2559)-Savchenko,B (2599) Wroclaw 2014}) 10. a3 Rfd8 11. Nh4 $146 ({Predecessor:} 11. Qc2 Rac8 12. Rfc1 Qb6 13. b4 c5 14. e4 dxe4 15. dxe4 Bg6 16. b5 Qc7 17. Qc3 {½-½ (40) Siebrecht,S (2315)-Kemna,G Germany 1996}) 11... Bg6 {White is slightly better.} 12. Nxg6 hxg6 13. Qc2 b5 14. b4 Qa6 (14... Qa4 $14 15. Qxa4 bxa4) 15. c5 $16 Qc8 16. Nb3 Re8 17. e4 Bd8 18. Bc3 e5 19. exd5 cxd5 (19... Nxd5 $16 20. Rfe1 Bf6) 20. a4 $18 Qc6 21. axb5 Qxb5 22. Rfb1 a5 (22... Nf8 {keeps fighting.} 23. Ra3 Ne6 24. Bxe5 Qxb4) 23. d4 ({But not} 23. bxa5 $6 Nxc5 24. Bxe5 Qxd3 $16) ({Weaker is} 23. Nxa5 Bxa5 24. bxa5 (24. Rxa5 Rxa5 25. bxa5 Qxc5 $14) 24... Qxc5 $14) 23... a4 24. Nd2 exd4 25. Bxd4 Re2 (25... Ne5 $142 26. Bf1 Qd7 27. Bxe5 Rxe5) 26. Bf1 Ne4 $2 {[#]} (26... Nf8 27. Qd1 Rxd2 28. Bxb5 Rxd1+ 29. Rxd1 Rb8 30. Bxa4 Rxb4) 27. Nxe4 {Precision: White = 90%, Black = 11%.} 1-0

[Event "GAMMA Reykjavik Open 2018"]
[Site "Reykjavik"]
[Date "2018.03.16"]
[Round "9"]
[White "Yilmaz, Mustafa"]
[Black "Adhiban, B.."]
[Result "1/2-1/2"]
[WhiteElo "2619"]
[BlackElo "2650"]
[Annotator "TA"]
[PlyCount "61"]
[EventType "swiss"]
[EventCountry "ISL"]
[SourceTitle "playchess.com"]
[Source "ChessBase"]
[SourceQuality "1"]

{[%evp 22,61,22,17,36,4,12,12,14,16,7,17,49,49,53,22,43,26,24,3,27,27,20,0,0,0,0,0,9,0,8,0,0,0,0,0,0,0,0,0,0,7]} 1. d4 d5 2. c4 e6 3. Nf3 c6 4. Nbd2 f5 5. g3 Nf6 6. Bg2 Bd6 7. Ne5 O-O 8. O-O b6 9. Ndf3 {A90: Dutch Defence: Miscellaneous and Modern Stonewall (with ...Bd6)} Ne4 10. Bf4 Qe7 11. Rc1 Bb7 12. Nd3 {LiveBook: 4 Games} Bxf4 $146 ({Find the theoretical novelty and annotate with similar games:} 12... Nd7 13. Qa4 a6 14. Bxd6 Qxd6 15. cxd5 cxd5 16. Nfe5 Nef6 {0-1 (74) Roiz,M (2652)-Poluljahov,A (2505) Sochi 2012}) 13. gxf4 Nd7 14. Nfe5 Nxe5 15. Nxe5 c5 16. cxd5 Bxd5 17. dxc5 bxc5 18. b3 Nf6 19. e3 Rac8 20. Qe2 Rfd8 21. Rfd1 Qb7 22. Bxd5 {The position is equal.} exd5 23. Rc2 Rc7 24. Rdc1 Rdc8 25. Qd3 g6 26. f3 Qb6 27. Kf2 Qe6 28. Qb5 {[%cal Rc2c5]} Qe7 29. Qd3 Qe6 30. Qb5 {[%cal Rc2c5]} Qe7 31. Qd3 {Precision: White = 62%, Black = 44%.} 1/2-1/2

[Event "GAMMA Reykjavik Open 2018"]
[Site "Reykjavik"]
[Date "2018.03.16"]
[Round "9"]
[White "Lagarde, Maxime"]
[Black "Nihal Sarin"]
[Result "1-0"]
[WhiteElo "2587"]
[BlackElo "2534"]
[Annotator "TA"]
[PlyCount "91"]
[EventType "swiss"]
[EventCountry "ISL"]
[SourceTitle "playchess.com"]
[Source "ChessBase"]
[SourceQuality "1"]

{[%evp 21,91,25,30,0,0,0,0,0,31,0,10,0,39,36,29,31,32,30,34,34,76,68,58,58,73,76,134,131,199,201,202,216,205,201,219,206,210,195,202,202,210,191,257,253,299,299,299,152,188,191,317,212,470,350,785,775,549,189,272,260,333,333,404,414,409,403,476,428,572,530,838,822]} 1. e4 e5 2. Nf3 Nc6 3. Bb5 Nf6 4. O-O Nxe4 5. d4 Nd6 6. Bxc6 dxc6 7. dxe5 Nf5 8. Qxd8+ Kxd8 9. h3 Ke8 10. Nc3 {[%cal Bb1c3,Bc3e2,Be2d4][%mdl 32]} h5 {C67: Ruy Lopez: Berlin Defence: 4 0-0 Nxe4} 11. Rd1 Be6 {[%cal Bc8e6,Be6d5,Bd5e4][%mdl 32] LiveBook: 3 Games} (11... Be7 12. Ne2 Be6 13. Nf4 Bc8 14. Ne2 Be6 15. b3 a5 16. a4 Rd8 17. Bg5 Bd5 18. Bxe7 Kxe7 {1-0 (49) Vachier Lagrave,M (2793)-Nakamura,H (2781) Caleta 2018}) 12. Ne2 Bd5 $146 {The position is equal.} ({Predecessor:} 12... Be7 13. b3 Rd8 14. Bb2 a6 15. Nd2 h4 16. c4 Bc8 17. Ne4 Rh6 18. Nf4 Bf8 19. Rxd8+ Kxd8 {0-1 (66) Alikulov,E (2232)-Begmuratov,A (2241) Novbahor 2012}) 13. Nfd4 Nxd4 14. Nxd4 Be7 15. b3 h4 16. Nf5 Be4 17. Nxe7 Kxe7 18. Rd4 $36 {[%mdl 2048] White is pushing.} Bxc2 19. Bg5+ Ke6 20. Rc1 Bg6 21. Bxh4 a5 22. Bg5 a4 23. b4 a3 {[#]} (23... Rhe8 $142) 24. f4 $1 $16 f6 (24... Rh7 $16 {was called for.} 25. Kf2 Bf5) 25. exf6 $18 gxf6 26. Re1+ Kf7 27. Rd7+ Kg8 28. Bxf6 Rh7 29. Rd2 Bf7 30. Re3 Bd5 31. Rdd3 Ra4 (31... Kf7 {keeps fighting.}) 32. Rxa3 Rxb4 33. Ra8+ Kf7 34. Be5 (34. Re7+ $18 Kxf6 35. Rxh7) 34... Rb1+ 35. Kh2 Rd1 (35... Rc1 {is a better defense.} 36. Re2 Rd1 37. Bxc7 Bc4) 36. Rc8 ({Inferior is} 36. Bxc7 Rd2 $11) 36... Kg6 $2 (36... Ke6 37. Rd8 (37. Bxc7+ Kd7 $11) 37... Kf5) 37. Rf8 Rf7 $2 (37... Bf7 38. a4 Rd7) 38. Rg8+ Kf5 39. Rg5+ (39. Bc3 $142 Rc1 40. Bb2) 39... Ke6 40. h4 {[%cal Bh3h4,Bh4h5][%mdl 32]} Bxa2 41. h5 Bb1 42. g4 Rh7 43. Bc3+ Kf7 44. Rge5 {[#] White threatens Re7+ and mate.White is clearly winning.} Rd7 45. f5 b5 46. Kg3 {Precision: White = 72%, Black = 26%.} 1-0

[Event "GAMMA Reykjavik Open 2018"]
[Site "Reykjavik"]
[Date "2018.03.16"]
[Round "9"]
[White "Ramirez, Alejandro"]
[Black "Perelshteyn, Eugene"]
[Result "1/2-1/2"]
[WhiteElo "2568"]
[BlackElo "2513"]
[Annotator "TA"]
[PlyCount "89"]
[EventType "swiss"]
[EventCountry "ISL"]
[SourceTitle "playchess.com"]
[Source "ChessBase"]
[SourceQuality "1"]

{[%evp 19,89,7,8,3,8,0,11,0,0,0,1,4,5,0,23,27,25,18,25,30,24,21,72,64,91,72,109,95,86,96,92,107,110,87,90,80,85,63,64,13,64,21,47,22,42,28,26,26,26,23,23,26,45,14,12,10,10,22,17,15,72,64,64,68,73,0,34,0,56,57,40,0]} 1. d4 Nf6 2. Nf3 e6 3. g3 b5 4. Bg2 Bb7 5. O-O Na6 6. c3 c5 7. Bg5 Be7 8. Nbd2 O-O 9. a3 {A46: 1 d4 Nf6 2 Nf3 e6: Torre, London and Colle Systems} h6 10. Bxf6 Bxf6 {LiveBook: 3 Games} 11. b4 {The position is equal.} d6 12. e3 $146 ({Predecessor:} 12. Nb3 Rc8 13. Nfd2 Bxg2 14. Kxg2 Qb6 15. e3 Be7 {0-1 (42) Telljohann,S (2415)-Fedorchuk,S (2662) Aix les Bains 2011}) 12... Qb6 13. Qe2 cxd4 14. cxd4 Rac8 15. Rfc1 Nb8 16. Nb3 Be4 17. Nfd2 Bxg2 18. Kxg2 Qb7+ 19. Qf3 Qxf3+ 20. Kxf3 Nd7 (20... a6 $11) 21. a4 $36 {[%cal Ba3a4,Ba4b5][%mdl 2080] White is more active.} Rxc1 22. Nxc1 e5 23. axb5 exd4 24. Rxa7 Ne5+ {[#]} 25. Ke2 $1 dxe3 26. fxe3 {Threatens to win with b6.} ({Resist} 26. Kxe3 Rb8 $14) (26. Ne4 {looks sharper.} Rb8 27. f4 Nc4 28. Rc7 Na3 29. Nxd6 Nxb5 30. Nxb5 Rxb5 31. Rc4) 26... Rb8 27. Ne4 Rxb5 28. Nxf6+ ({Don't play} 28. Nxd6 $6 Rxb4 29. Nd3 Nxd3 $11) (28. Na2 {with more complications.} Rb6 29. Nec3 Nc6 30. Ra8+ Kh7 31. Nd5) 28... gxf6 {[%mdl 4096] Endgame KRN-KRN} 29. Ra4 ({White should try} 29. Na2 $14) 29... Kg7 (29... Nc4 $11) 30. Nd3 Kg6 31. h3 Rb8 32. Nf4+ Kf5 33. Nd5 Ke6 34. Ra5 f5 35. Nf4+ Kd7 36. Ra7+ Kc6 37. Ra6+ Kd7 $1 38. Nd5 Ke6 39. Ra5 Nc4 (39... Rc8 $11 {keeps the balance.}) 40. Rb5 Rc8 41. Nf4+ Kf6 42. Nd5+ Ke6 43. Nf4+ Kf6 44. Rd5 Ra8 45. Nh5+ {Precision: White = 46%, Black = 61%.} 1/2-1/2